| 000 | 00421nam a22001457a 4500 | ||
|---|---|---|---|
| 082 |
_aP-329 _bP-329 |
||
| 100 |
_aHasnain Raza, Syndicate No 4 _948157 |
||
| 245 |
_aTo develop a computer program for cooling load calculations _cHasnain Raza, Bilal Hayat |
||
| 260 | _c2007 | ||
| 300 | _aVarious Pages | ||
| 526 |
_a0 _b0 _c0 _dP_329_P329 |
||
| 650 | _aProject | ||
| 700 |
_aLecturer Hafeez Ahmed _948158 |
||
| 942 |
_2ddc _cBK |
||
| 999 |
_c551177 _d551177 |
||